00395nam a2200097Ia 4500008004100000100002500041245011600066260003900182650001500221856006100236160909s9999 xx 000 0 und d aMartyn, Sherry Marie aFacilitating self-forgiveness in psychotherapy: Clinical perceptions on the efficacy of treatment interventions bPacifica Graduate Institute.c2016 aPSYCHOLOGY uhttp://pqdtopen.proquest.com/doc/1780004547.html?FMT=ABS